000 01359nam a2200229 a 4500
001 BS0002834
003 BR-BrBNA
005 20231005154155.0
008 230308b |||||||| |||| 00| 0 por d
040 _aBR-BrBNA
_bpor
_cBiblioteca Nacional de Agricultura
041 _apor
072 _aS86
090 _aS86
_bBS0002834
100 1 _aRozsas, Jeanette.
245 1 _aMorrer em Praga:
_bUma trágica hístoria de amor /
250 1 _a1. ed.
260 3 _aSão Paulo, SP:
_bGeração Editorial,
_c2008.
300 _a213 p.
520 3 _aÉ um livro diferente de tudo que voçê já leu sobre relacionamentos entre homem e mulher. O autor, 50 anos, brasileiro, desajustado, vai viver na Europa e lá conhece Lenka, 17anos, com quem faz um pacto de amor e morte, tal qual Romeu e Julieta. Mais só ela morre. Anos depois de ter cumprido sua pena por assassinato numa prisão de praga, na Tchecoslováquia, João Batista decide revelar, sem censura, o que chama de uma verdadeira e chocante hístoria. Poucas vezes voçê terá lido hístorias tão cruel e absurda. Aqui, não há limite para o délirio, a angústia existencial e o desequilibrio. Página por página de emoção em emoção, possivelmente com medo e revolta, voçê não consequirá parar de ler até o final trágico e arrepiante.
650 _aLITERATURA BRASILEIRA
942 _cBK
_2AGRIS
999 _c7892
_d7892